Представление документа в формате RUSMARC

ПолеНазваниеЗначение
  Тип записи a
  Библиографический уровень m
001 Контрольный номер RU/SLIB/B/208765747
005 Дата корректировки 20201206204239.5
010 Индекс ISBN __
a ISBN 5-89349-148-3
a ISBN 5-02-011719-6
d Цена 71-44
101 Язык документа __
a Язык текста rus
200 Заглавие и сведения об ответственности 0_
a Заглавие Латинско-русский словарь
e Сведения, относящиеся к заглавию ок. 13000 слов
f Первые сведения об ответственности А. В. Подосинов, Г. Г. Козлова, А. А. Глухов
b Общее обозначение материала Текст
210 Выходные данные __
a Место издания М.
c Издательство Наука
c Издательство Флинта
d Дата издания 2001
215 Физическое описание __
a Объем 373 с.
517 Другие варианты заглавия __
a Другие варианты заглавия Lingua Latina
606 Тематические рубрики __
a Основная рубрика Языкознание
606 Тематические рубрики __
a Основная рубрика Италийские языки
610 Ключевые слова __
a Ключевые слова латинский язык; языки (языкознание)
686 Индексы других классификаций __
a Классификационный индекс 81.2Лат-4
700 Автор _1
a Фамилия Подосинов
b Имя А. В.
4 Код отношения 070
701 Альтернативная интеллектуальная ответственность _1
a Фамилия Козлова
b Имя Г. Г.
701 Альтернативная интеллектуальная ответственность _1
a Фамилия Глухов
b Имя А. А.
801 Источник записи _0
a Страна RU
b Организация Муниципальное бюджетное учреждение культуры "Централизованная библиотечная система" г. Сургут (Центральная городская библиотека им. А. С. Пушкина)
g Правила каталогизации КиК/Гришунина
801 Источник записи _1
a Страна RU
b Организация Муниципальное бюджетное учреждение культуры "Централизованная библиотечная система" г. Сургут (Центральная городская библиотека им. А. С. Пушкина)
g Правила каталогизации КиК/Гришунина
852 Данные о местонахождении __
j Шифр хранения 81.2Лат-4
c Каталожный индекс 81.2Лат-4
i Авторский знак П 44
p Инвентарный номер 04050656
901 Тип документа __
t Тип документа m
903 Характеристики (МАРС) __
a Дата передачи 20040428
969 Тип издания __
a Тип издания словарь
990 Данные о заказе (DOS) 00
j Количество экземпляров (DOS) 1
t N записи в КСУ для И/У (DOS) 200405